| 000 | 00880nmm a2200265 a 4500 | ||
|---|---|---|---|
| 001 | ocm000701833 | ||
| 003 | TR-IsHL | ||
| 005 | 20201028124037.0 | ||
| 008 | 130902s1996 tu tur | ||
| 007 | cr cn | ||
| 035 |
_a701833 _b(N$T) |
||
| 050 | 0 | 4 |
_aTX910.T9 _bB56[2 1996 |
| 090 | 0 | 4 |
_aTX910.T9 _bB56[2 1996 |
| 245 | 1 | 0 |
_a1997 İndirimli oteller kataloğu _h[electronic resource] / _chaz. Mustafa Çağlayan |
| 250 | _a1. bs. | ||
| 260 |
_aİstanbul : _bİstanbul Ticaret Odası, _c1996 |
||
| 300 | _a103 p. | ||
| 650 | 4 | _aEkonomi ve Finans | |
| 650 | 4 | _aEconomics and Finance | |
| 650 | 0 |
_aOteller _x Türkiye _x Kataloglar |
|
| 650 | 0 |
_aHotels _x Turkey _x Catalogs |
|
| 650 | 7 |
_aTRAVEL / Hotels, Inns & Hostels _2bisacsh |
|
| 700 | 1 | _aÇağlayan, Mustafa | |
| 856 | 4 | 0 | _uhttp://search.ebscohost.com/login.aspx?direct=true&scope=site&db=e011xww&AN=701833 |
| 999 |
_c2740 _d2740 |
||